003770000a22001090004500090001700000245010100017041001300118100003000131942001300161773007600174999001700250 aASbSeriadas10aLeading behavior in a free ranging of spider monkeys (Ateles belzebuth) in la Macarena, Colombia0 aInglés1 aDidier L., Gisele9100237 cARTICULO1 tField Studies of Fauna and Flora La Macarena, Colombiaq29-31d1997g10 c15990d15990